000 00444nam a2200133Ia 4500
005 20260328104316.0
008 260328s9999||||xx |||||||||||||| ||und||
100 _aConsejo Superior de los Colegios de Arquitectos de España
245 0 _aCuarta Bienal de Arquitectura Española 1995-1996 /
_cConsejo Superior de los Colegios de Arquitectos de España
260 _bMinisterio de Fomento
300 _a134 p.
650 _aESPAÑA
942 _cBK
999 _c11148
_d11148